[Event "Olympiad Women-44"]
[Site "Chennai"]
[Date "2022.08.03"]
[Round "6.3"]
[White "Mohammed, Celine Angelina"]
[Black "Kawuma, Patricia"]
[Result "0-1"]
[WhiteElo "1100"]
[BlackElo "1653"]
[PlyCount "36"]
[EventDate "2022.07.29"]
[EventType "team-swiss"]
[EventRounds "11"]
[EventCountry "IND"]
[SourceTitle "CBM 210"]
[Source "ChessBase"]
[SourceDate "2022.10.31"]
[SourceVersion "1"]
[SourceVersionDate "2022.10.31"]
[SourceQuality "1"]
[WhiteTeam "Trinidad and Tobago (W)"]
[BlackTeam "Uganda (W)"]
[WhiteTeamCountry "TRI"]
[BlackTeamCountry "UGA"]

1. e4 e5 2. Nf3 Nc6 3. Nc3 Bc5 4. a3 d6 5. Bb5 Nge7 6. Na4 Bb6 7. Nxb6 axb6 8. b4 0-0 9. Bb2 Bg4 10. h3 Bh5 11. Be2 Bxf3 12. Bxf3 f5 13. d3 fxe4 14. dxe4 Ng6 15. Qd5+ Kh8 16. 0-0 Rxf3 17. gxf3 Nf4 18. Qf7 Qg5+ 0-1

[Event "UGA olympic qual (Women)"]
[Site "Kampala"]
[Date "2022.03.06"]
[Round "3"]
[White "Nabacwa, Allen Kyolaba"]
[Black "Kawuma, Patricia"]
[Result "0-1"]
[WhiteElo "1541"]
[BlackElo "1310"]
[PlyCount "104"]
[EventDate "2022.03.05"]
[EventType "tourn"]
[EventRounds "13"]
[EventCountry "UGA"]
[SourceTitle "EXT 2023"]
[Source "ChessBase"]
[SourceDate "2022.10.05"]
[SourceVersion "1"]
[SourceVersionDate "2022.10.05"]
[SourceQuality "1"]

1. e4 e5 2. Nf3 Nc6 3. d4 exd4 4. Nxd4 Nxd4 5. Qxd4 Qf6 6. e5 Qb6 7. Qf4 Qb4+ 8. c3 Qxf4 9. Bxf4 Bc5 10. Nd2 b6 11. b4 Be7 12. Bc4 Bb7 13. f3 h6 14. a4 c5 15. b5 Bg5 16. Bxg5 hxg5 17. Kf2 Ne7 18. Rae1 Bd5 19. Bxd5 Nxd5 20. c4 Nb4 21. Re3 Nc2 22. Re4 0-0-0 23. h3 Rde8 24. Rc1 Nd4 25. Rce1 Kb7 26. Nb1 a6 27. Nc3 axb5 28. cxb5 Re6 29. Rd1 Kc7 30. Nd5+ Kb7 31. Nc3 Rf8 32. Rde1 Rh6 33. Rd1 Rh4 34. Rde1 Rxe4 35. Nxe4 Ra8 36. Nc3 Rh8 37. Ne4 Ra8 38. Ra1 Nxb5 39. Nxg5 f6 40. exf6 gxf6 41. Ne4 f5 42. Nd2 Nc3 43. Nc4 b5 44. Nd6+ Kc6 45. Nxf5 b4 46. Ne3 d5 47. g4 b3 48. Rg1 Rb8 49. Nf1 b2 50. Nd2 b1Q 51. Nxb1 Nxb1 52. Ke3 c4 0-1

[Event "Kampala Rwabushenyi Memorial"]
[Site "Kampala"]
[Date "2021.12.05"]
[Round "7"]
[White "Kawuma, Patricia"]
[Black "Tumusiime, Anthony"]
[Result "0-1"]
[WhiteElo "1048"]
[BlackElo "1638"]
[PlyCount "94"]
[EventDate "2021.12.02"]
[EventType "swiss"]
[EventRounds "8"]
[EventCountry "UGA"]
[SourceTitle "EXT 2023"]
[Source "ChessBase"]
[SourceDate "2022.10.05"]
[SourceVersion "1"]
[SourceVersionDate "2022.10.05"]
[SourceQuality "1"]

1. e4 c5 2. Nf3 Nc6 3. Bc4 e6 4. Nc3 d6 5. d3 Na5 6. Bb3 a6 7. Bd2 Nf6 8. 0-0 Be7 9. h3 b5 10. Ne2 d5 11. exd5 exd5 12. Bxa5 Qxa5 13. c3 0-0 14. d4 c4 15. Bc2 Ne4 16. Bxe4 dxe4 17. Ne5 Bb7 18. f3 f6 19. Ng4 exf3 20. gxf3 Rad8 21. Nf4 Qc7 22. Qd2 Bc8 23. Ne2 Bc5 24. Qf4 Bd6 25. Qd2 Qf7 26. Kf2 Qh5 27. Ke1 Qxh3 28. Rg1 Rfe8 29. Nxf6+ Kh8 30. Nxe8 Rxe8 31. Qg5 Re7 32. Qg2 Qh4+ 33. Qf2 Qh5 34. Kd2 Qf5 35. Ke1 Qc2 36. a4 Bf4 37. axb5 Be3 38. Qh4 Bg5 39. Qh2 Bh4+ 40. Kf1 Bh3+ 41. Rg2 Qxe2+ 42. Kg1 Qe3+ 43. Kh1 Bxg2+ 44. Qxg2 Qh6 45. Rxa6 Re1+ 46. Qg1 Rxg1+ 47. Kxg1 Qg5+ 0-1

[Event "Kampala Rwabushenyi Memorial"]
[Site "Kampala"]
[Date "2021.12.04"]
[Round "5"]
[White "Kawuma, Patricia"]
[Black "Turyahabwe, Christopher"]
[Result "0-1"]
[WhiteElo "1048"]
[BlackElo "1658"]
[PlyCount "74"]
[EventDate "2021.12.02"]
[EventType "swiss"]
[EventRounds "8"]
[EventCountry "UGA"]
[SourceTitle "EXT 2023"]
[Source "ChessBase"]
[SourceDate "2022.10.05"]
[SourceVersion "1"]
[SourceVersionDate "2022.10.05"]
[SourceQuality "1"]

1. e4 e5 2. Nf3 Nc6 3. Bc4 Be7 4. c3 Nf6 5. d3 h6 6. Be3 d6 7. h3 Na5 8. Nbd2 c6 9. 0-0 b5 10. Bb3 0-0 11. Bc2 c5 12. Nh2 Nc6 13. f4 a5 14. f5 Nh7 15. Qg4 Bg5 16. Bxg5 Qxg5 17. Ndf3 Qd8 18. Qg3 Kh8 19. Ng4 Bd7 20. Ne3 Ne7 21. d4 cxd4 22. cxd4 exd4 23. Nxd4 Qb6 24. Rad1 Rfd8 25. Kh1 Nf6 26. Ng4 Nxg4 27. Qxg4 Ng6 28. Qg3 Ne5 29. f6 g6 30. Ne2 Rac8 31. Bb1 g5 32. Nc3 Be6 33. Nd5 Qc5 34. Ne7 Rc7 35. h4 Ng4 36. Rde1 Qe5 37. Qd3 Qh2# 0-1

[Event "Kampala Rwabushenyi Memorial"]
[Site "Kampala"]
[Date "2021.12.02"]
[Round "1"]
[White "Kawuma, Patricia"]
[Black "Emojong, Elijah"]
[Result "0-1"]
[WhiteElo "1048"]
[BlackElo "2261"]
[PlyCount "66"]
[EventDate "2021.12.02"]
[EventType "swiss"]
[EventRounds "8"]
[EventCountry "UGA"]
[SourceTitle "EXT 2023"]
[Source "ChessBase"]
[SourceDate "2022.10.05"]
[SourceVersion "1"]
[SourceVersionDate "2022.10.05"]
[SourceQuality "1"]

1. e4 e5 2. Nf3 Nc6 3. Bc4 Nf6 4. d3 Be7 5. c3 d6 6. Bb3 0-0 7. h3 Bd7 8. Be3 Qc8 9. Nbd2 Nd8 10. Qc2 a5 11. a3 a4 12. Ba2 c5 13. g4 b5 14. g5 Nh5 15. h4 Be6 16. Bb1 Bg4 17. Nh2 Bh3 18. Rg1 Ne6 19. c4 Nhf4 20. Bxf4 Nxf4 21. f3 Ng2+ 22. Kf2 Nxh4 23. cxb5 Be6 24. Nc4 Bxc4 25. Qxc4 Qh3 26. Ng4 Qxf3+ 27. Ke1 Ng2+ 28. Kd2 Qxg4 29. Bc2 Bxg5+ 30. Kc3 Qe2 31. Bxa4 Bd2+ 32. Kb3 Ne3 33. Rge1 Bxe1 0-1

[Event "Kampala Kireka op 4th"]
[Site "Kampala"]
[Date "2019.12.29"]
[Round "5"]
[White "Kawuma, Patricia"]
[Black "Luala, James A"]
[Result "0-1"]
[WhiteElo "1024"]
[BlackElo "1699"]
[PlyCount "96"]
[EventDate "2019.12.27"]
[EventType "swiss"]
[EventRounds "8"]
[EventCountry "UGA"]
[SourceTitle "EXT 2022"]
[Source "ChessBase"]
[SourceDate "2021.10.06"]
[SourceVersion "1"]
[SourceVersionDate "2021.10.06"]
[SourceQuality "1"]

1. e4 e5 2. Nf3 Nc6 3. Bc4 Be7 4. d3 Nf6 5. Nc3 a6 6. a3 d6 7. h3 h6 8. Be3 b5 9. Ba2 0-0 10. 0-0 Be6 11. Nd5 Qd7 12. Nxf6+ Bxf6 13. Bxe6 fxe6 14. Qd2 d5 15. exd5 exd5 16. d4 e4 17. Nh2 Qf5 18. f3 Rae8 19. c3 Re6 20. fxe4 Qxe4 21. Rae1 Bh4 22. Rxf8+ Kxf8 23. Bf2 Bxf2+ 24. Qxf2+ Rf6 25. Rxe4 Rxf2 26. Re6 Rf6 27. Rxf6+ gxf6 28. Ng4 Kg7 29. Kf2 Na5 30. Ne3 c6 31. Nf5+ Kf7 32. Nxh6+ Kg6 33. Ng4 Nc4 34. Ke2 Nxb2 35. Kd2 Nc4+ 36. Kc2 Nxa3+ 37. Kb3 Nc4 38. Kb4 a5+ 39. Kc5 a4 40. Kb4 Kg5 41. g3 Kf5 42. Nh6+ Ke4 43. Ng8 Kd3 44. h4 Kc2 45. h5 a3 46. h6 a2 47. h7 a1Q 48. h8Q Qa4+ 0-1